| 000 | 01420nam a2200325 c 4500 | ||
|---|---|---|---|
| 999 |
_c463631 _d463631 |
||
| 003 | BLK | ||
| 005 | 20220627143536.0 | ||
| 008 | 180409b bul|||||r ||||||| ||bul|| | ||
| 040 | _aBLK | ||
| 041 |
_aBUL _cBUL |
||
| 080 |
_aБолести на опорно-двигателния апарат. Вж и 617.3 _b616.7 _z616.7 |
||
| 080 |
_aПрофесионални болести. Общи въпроси _b613.62 _z613.62 |
||
| 100 |
_aЧернинков, Здравко Петров _eпърви автор _9477067 |
||
| 139 | _aЧернинков, Здравко Петров | ||
| 245 | 1 | 0 |
_aПрофесионални увреждания на ръката на текстилката _cЗдравко Чернинков |
| 257 | _aBGR | ||
| 260 |
_bПрофиздат _c1971 _aСофия |
||
| 300 |
_a40 с. _c20 см |
||
| 380 | _a61 | ||
| 500 | _aБиблиогр. с. 38-39. | ||
| 650 | 4 |
_aПрофесионални болести _9271600 |
|
| 650 | 0 |
_aТекстилна промишленост _9289662 |
|
| 653 | _aпрофесионални заболявания | ||
| 653 | 7 |
_aкрайници _9189314 |
|
| 852 | _aЦб 60580 | ||
| 856 | 4 | _qpdf | |
| 856 | 4 | _qpdf | |
| 942 |
_cKNG _n0 _s1 |
||
| 944 |
_aCR _c2022-06-27 _kнр |
||